Name That Flick from the Crummy Plot! #1 - Statistics

General Stats
  • This quiz has been taken 16 times
  • The average score is 9 of 10
Answer Stats
Hint Answer % Correct
Blue guy learns how to ride flying lizards, falls in love with another blue person, and fights humans who really want a rock under a big tree. Avatar
100%
A group of nerdy scientists starts a business to catch ghosts, end up battling a giant marshmallow man, and save New York City from supernatural chaos with high-tech gadgets and witty one-liners. Ghost Busters
100%
An ogre just wants to be left alone in his swamp but ends up on a road trip with a talking donkey to rescue a princess who has a weird dragon problem. Oh, and everyone won’t stop singing. Shrek
100%
Two royal sisters have a frosty family feud, one turns everything into ice, and they sing about letting go and finding true love while a snowman dreams of summer. Frozen
93%
A scientist turns into a giant green rage machine whenever he gets angry, fights other big green monsters, and tries to avoid being caught by the army. Hulk
93%
Toys come to life when humans aren't looking, a cowboy and a space ranger have a rivalry, and they team up to rescue a kid’s favorite toy from a grumpy neighbor. Toy Story
93%
Muscular dude who thinks he's a monkey meets a lady, realizes he's not a monkey, and fights a guy with a mustache. There’s also an elephant that talks for some reason. Tarzan
79%
A team of storm chasers races against time and rival researchers to get their tornado-detecting gadgets into the heart of a massive twister while dealing with personal drama and flying cows. Twister
79%
A sarcastic, cigar-smoking duck from another planet ends up stuck on Earth, gets involved in a bizarre science experiment, and fights off a space villain with a lot of quacking and confusion. Howard the Duck
57%
A goofy space opera parody where a hero, a princess, and a nerdy sidekick try to save the galaxy from an evil dark helmet with a lot of silly gags and one-liners. Spaceballs
57%
No matching quizzes found
Score Distribution
Percent of People with Each Score
Percentile by Number Answered
Your Score History
You have not taken this quiz